000 02281cam a2200397 a 4500
999 _c41823
_d41823
001 13146450
003 OSt
005 20221115104209.0
008 030403s2002 nyua 001 0 eng
010 _a 2003266620
020 _a9780070529120
020 _a007222472X
035 _a(OCoLC)ocm51026063
040 _aJRZ
_cJRZ
_dDLC
042 _alccopycat
050 0 0 _aQA76.73.J38
_bK465 2002
082 0 4 _a005.2762
_221
_bKEO/J
100 1 _aKeogh, James Edward,
_d1948-
_99309
245 1 0 _aJ2EE :
_bthe complete reference /
_cJim Keogh.
246 1 4 _aComplete reference, J2EE
260 _aNew York :
_bMcGraw-Hill/Osborne,
_cc2002.
300 _axxvii, 874 p. :
_bill. ;
_c23 cm.
500 _a"Covers J2EE 1.4"--Cover.
500 _aIncludes index.
505 0 _aPart I. J2EE basics. Java 2 enterprise edition overview -- J2EE multi-tier architecture -- J2EE best practices -- J2EE design patterns and frameworks -- Part II. J2EE databases. J2EE database concepts -- JDBC objects -- JDBC and embedded SQL -- HTML, XML, and XHTML -- Java and XML -- Java servlets -- Java ServerPages -- Enterprise JavaBeans -- Part IV. J2EE interconnectivity. JavaMail API -- Java Interface definition language and CORBA -- Java remote method invocation -- Java message service -- Security -- Java naming and directory interface API -- Part V. Web services. SOAP -- Universal description, discovery, and integration (UDDI) -- Electronic business XML -- Tha Java API for XML Registries (JAXR) -- Web services description language (WSDL) -- Part VI. Appendixes.
650 0 _aJava (Computer program language)
650 0 _aWeb site development.
650 0 _aApplication software
_xDevelopment.
650 0 _aClient/server computing.
856 4 2 _3Contributor biographical information
_uhttp://www.loc.gov/catdir/bios/mh042/2003266620.html
856 4 2 _3Publisher description
_uhttp://www.loc.gov/catdir/description/mh031/2003266620.html
856 4 1 _3Table of contents
_uhttp://www.loc.gov/catdir/toc/mh031/2003266620.html
906 _a7
_bcbc
_ccopycat
_d2
_encip
_f20
_gy-gencatlg
942 _2ddc
_cBK
_h005.2762
_iKEO/J
_k005.2762
_mKEO/J